Unscramble Colors - Statistics

General Stats
  • This quiz has been taken 213 times
  • The average score is 16 of 20
Answer Stats
Scrambled Color % Correct
ULPERP Purple
100%
REGEN Green
98%
ELYOLW Yellow
98%
LGDO Gold
97%
IEWTH White
95%
RNOBW Brown
94%
ERGY Grey
90%
GNAOER Orange
85%
OTIVEL Violet
80%
IEBGE Beige
79%
STUR Rust
78%
BRYU Ruby
76%
RIVLSE Silver
76%
ZNOBER Bronze
70%
GIDION Indigo
65%
TGAAEMN Magenta
64%
OVYIR Ivory
58%
QEOIUUTRS Turquoise
57%
NOBEY Ebony
56%
AHUISCF Fuchsia
47%
No matching quizzes found
Score Distribution
Percent of People with Each Score
Percentile by Number Answered
Your Score History
You have not taken this quiz